000 00567nam a2200193Ia 4500
003 GCL
008 140319s9999 xx 000 0 eng d
020 _a186064 497 X
040 _aGCL /
_cGCL
082 0 4 _a923.2
_bB U
100 1 _aGHALI, BOUTROS BOUTROS
245 1 0 _aUNVANQUISHED A U.S. - U.N. SAGA /
_cGHALI, BOUTROS BOUTROS
260 _aانجلترا :
_bI. B. TOURIS & CO. LTD ،
_c1999
300 _a349 PG ؛
_c25 cm.
650 0 4 _aAFRICA - ECONOMIC CONDITIONS
650 0 4 _aAFRICA AMERICAN POLITICIANS
650 0 4 _aBOUTROS GHALI
942 _2ddc
_cBK
999 _c6552
_d6552